书目信息 |
| 题名: |
土木工程检测与加固技术
|
|
| 作者: | 周乐 主编 | |
| 分册: | ||
| 出版信息: | 北京 化学工业出版社 2014 |
|
| 页数: | 190页 | |
| 开本: | 26cm | |
| 丛书名: | ||
| 单 册: | ||
| 中图分类: | TU317 | |
| 科图分类: | ||
| 主题词: | 土木工程--加固--高等学校--教材 , 土木工程 , 土木工程--工程结构--检测--高等学校--教材 , 加固 , 工程结构 | |
| 电子资源: | ||
| ISBN: | 978-7-122-20818-7 | |
| 000 | 00984nam0 2200277 450 | |
| 001 | 141218 | |
| 005 | 20141106124252.84 | |
| 010 | @a978-7-122-20818-7@dCNY 28.00 | |
| 100 | @a20140903d2014 em y0chiy50 ea | |
| 101 | 0 | @achi |
| 102 | @aCN@b110000 | |
| 105 | @ay z 000yy | |
| 200 | 1 | @a土木工程检测与加固技术@9tu mu gong cheng jian ce yu jia gu ji shu@b专著@f周乐主编 |
| 210 | @a北京@c化学工业出版社@d2014 | |
| 215 | @a190页@d26cm | |
| 300 | @a高等学校土建类专业“十二五”规划教材 | |
| 330 | @a本书共分5章,分别讨论了工程结构产生损伤的机理及其危害;混凝土结构、砌体结构、钢结构以及木结构的损伤检测及分析;工业与民用建筑的可靠性鉴定和耐久性评估;工程结构的补强与加固技术及措施。 | |
| 606 | 0 | @a土木工程@x加固@x高等学校@j教材 |
| 606 | 0 | @a土木工程 |
| 606 | 0 | @a土木工程@x工程结构@x检测@x高等学校@j教材 |
| 606 | 0 | @a加固 |
| 606 | 0 | @a工程结构 |
| 690 | @aTU317@v5 | |
| 701 | 0 | @a周乐@9zhou le@c(女,@f1978~)@4主编 |
| 801 | 0 | @c20141106 |
| 905 | @a241430@dTU317@eZ811 | |
| 土木工程检测与加固技术/周乐主编.-北京:化学工业出版社,2014 |
| 190页;26cm |
| 高等学校土建类专业“十二五”规划教材 |
| ISBN 978-7-122-20818-7:CNY 28.00 |
| 本书共分5章,分别讨论了工程结构产生损伤的机理及其危害;混凝土结构、砌体结构、钢结构以及木结构的损伤检测及分析;工业与民用建筑的可靠性鉴定和耐久性评估;工程结构的补强与加固技术及措施。 |
| ● |
| 相关链接 |
|
|
|
正题名:土木工程检测与加固技术
索取号:TU317/Z811
 
预约/预借
| 序号 | 登录号 | 条形码 | 馆藏地/架位号 | 状态 | 备注 |
| 1 | 0837270 | 208372704 | 建筑库101/101建筑库 79排4列2层/ [索取号:TU317/Z811] | 在馆 | |
| 2 | 0837271 | 208372713 | 建筑库101/101建筑库 79排4列2层/ [索取号:TU317/Z811] | 在馆 | |
| 3 | 0837272 | 208372722 | 建筑库101/101建筑库 79排4列2层/ [索取号:TU317/Z811] | 在馆 |